2010s Cartoons by Characters - Statistics

General Stats
  • This quiz has been taken 96 times
  • The average score is 12 of 24
Answer Stats
Hint Answer % Correct
Morty Smith, Rick Sanchez Rick and Morty
95%
Jake the Dog, Finn the Human Adventure Time
92%
Mordecai, Rigby Regular Show
89%
Dipper Pines, Mabel Pines Gravity Falls
87%
Lincoln Loud, Lucy Loud The Loud House
84%
Rainbow Dash, Pinkie Pie My Little Pony: Friendship is Magic
83%
Gumball Watterson, Darwin Watterson The Amazing World of Gumball
83%
Bob Belcher, Linda Belcher Bob’s Burgers
72%
Uncle Grandpa, Pizza Steve Uncle Grandpa
68%
Panda, Ice Bear We Bare Bears
68%
Pearl, Garnet Steven Universe
66%
Clarence, Sumo Clarence
62%
Star Butterfly, Marco Diaz Star vs. the Forces of Evil
43%
Charlie Morningstar, Alastor the Radio Demon Hazbin Hotel
38%
KO, Professor Venomous OK KO! Let’s Be Heroes
34%
Miss Martian, Kid Flash Young Justice
29%
Poison Ivy, Frank Harley Quinn
26%
Bandit Heeler, Chilli Heeler Bluey
25%
Craig Williams, J.P. Mercer Craig of the Creek
24%
Blitzo, Keenie Helluva Boss
24%
Mr, Peanutbutter, Diane Nguyen BoJack Horseman
21%
Dan, Chris Dan Vs.
5%
Josh, Emily Close Enough
4%
Foo, Fee Harvey Beaks
4%
No matching quizzes found
Score Distribution
Percent of People with Each Score
Percentile by Number Answered
Your Score History
You have not taken this quiz